| 000 | | | 03713nmc2a2200000 x 450 |
| 001 | | | 87573f2a-b80e-47a3-9403-753d8bb520a4 |
| 005 | | | 20160105062546.0 |
| 100 | ## | $a | 20150220l18821883k l0rusy0189 ca |
| 101 | 0# | $a | rus |
| 102 | ## | $a | RU |
| 200 | ## | $a | Дело о доставлении сведений о количестве капитального долга по выкупным ссудам, досрочных взносах, поступивших к 1 января 1882 года, о выкупных платежах по ссудам за понижением на основании указа 28 декабря 1881 года и об отсроченных, рассроченных и сложенных недоимках по Владимирской губернии (с приложением 13-ти ведомостей) |
| | $j | 18 декабря 1882 г. - 16 июля 1883 г. |
| 251 | ## | $c | Дело |
| 300 | ## | $a | Дело |
| 801 | #0 | $a | RU |
| | $b | РГИА |
| | $c | 20150220 |
| | $g | RCR |
| 801 | #1 | $a | RU |
| | $b | ГлавНИВЦ |
| | $c | 20150220 |
| | $2 | rusmarc |
| 801 | #2 | $a | RU |
| | $b | ПБ им. Б.Н. Ельцина |
| | $c | 20160105 |
| | $g | RCR |
| | $2 | rusmarc |
| 850 | ## | $a | РГИА |
| 852 | ## | $a | РГИА |
| | $e | Федеральное казенное учреждение "Российский государственный исторический архив" (РГИА) |
| | $j | 788 |
| 937 | ## | $h | РГИА |
| | $d | 11190380 |
| | $a | ASBIBLIO_SCAN |
| 462 | #0 | $1 | 0013826a62a-52d3-408e-b545-2019664385f0 |
| | $1 | 2001 |
| | $a | 1861-1895 гг. |
| | $1 | 251 |
| | $c | Опись |
| | $1 | 852 |
| | $j | 50 |
| 461 | #0 | $1 | 0018ef30ad5-ff5c-4840-a721-74c62a200f95 |
| | $1 | 2001 |
| | $a | Главное выкупное учреждение Министерства финансов |
| | $1 | 251 |
| | $c | Фонд |
| | $1 | 852 |
| | $j | 577 |
| 215 | ## | $a | 90 л. |
| | $d | 36,5x26 см |
| 371 | ## | $a | Документ не является опубликованным и широко распространяемым |
| 105 | ## | $a | у### |
| 122 | 2# | $a | d |
| 035 | ## | $a | 87573f2a-b80e-47a3-9403-753d8bb520a4 |